Portugalskie kluby piłkarskie - nagła śmierć - Statystyki

Ogólne statystyki
  • Ten quiz został rozwiązany 180 razy
  • Średni wynik to 10 z 12
Answers on the Grid
Answers color-coded by a green-red scale on the quiz's grid according to % correct below.
FC Porto
Benfica Lizbona
Sevilla
Hajduk Split
Rio Ave
Udinese Calcio
SC Braga
Galatasaray
Olympiakos Pireus
Sporting Lizbona
Rijeka
Gil Vicente
Rangers
Santa Clara
Boavista
FC Twente
Midtjylland
Famalicão
RSC Anderlecht
Tottenham
Vitoria Guimarães
Juventus Turyn
FK Partizan
Estoril Praia
Crvena zvezda
AS Monaco
AZ Alkmaar
CD Nacional
 
Statystyki odpowiedzi
Odpowiedź % Poprawnych
FC Porto
99%
Benfica Lizbona
97%
Sporting Lizbona
93%
SC Braga
91%
Vitoria Guimarães
86%
Rio Ave
85%
Boavista
84%
Famalicão
83%
Gil Vicente
83%
Estoril Praia
82%
Santa Clara
82%
CD Nacional
78%
Nie znaleziono quizów pasujących do podanych kryteriów
Rozkład punktacji
Procent ludzi z każdym wynikiem
Percentyl według liczby udzielonych odpowiedzi
Twoja historia wyników
Nie rozwiązałeś tego quizu